| 000 | 01032nam a2200325Ia 4500 | ||
|---|---|---|---|
| 001 | 23018 | ||
| 003 | IT-RoPAU | ||
| 008 | 130308s9999 xx 000 0 und d | ||
| 040 | _aIT-RoPAU | ||
| 040 | _cIT-RoPAU | ||
| 041 | _aINGLESE | ||
| 100 | _aCurran James | ||
| 100 | _gCodice Aut. SPICS: 6170 | ||
| 245 | _aMass Communication and Society | ||
| 245 | _bMass Communication And Society | ||
| 250 | _a4a ed. | ||
| 260 | _aLONDON | ||
| 260 | _bArnold Edward | ||
| 260 | _c1983 [1° Ed.:1977 - Ed.Ling.Originale:1977] | ||
| 300 | _a"490 p. (prefazione: 10; testo: 480)" | ||
| 500 | _aComunicazione di Massa e Società Mass Media e Società prospettive Generali Organizzazioni e Occupazioni dei Media Mediazione dei Significati Culturali | ||
| 650 | _aSOCIOLOGIA DELLA COMUNICAZIONE SOCIALE | ||
| 650 | _eCodice materia Spics: 3806 | ||
| 700 | _aGurevitch MichaelWoollacott Janet | ||
| 700 | _gCodice Aut. SPICS: 5668Codice Aut. SPICS: 6529 | ||
| 942 | _cBK | ||
| 957 | _71 | ||
| 999 |
_c67477 _d67477 |
||
| 999 | _bSI | ||
| 999 | _g1 | ||